Central Library OPAC University of Rajshahi

Behavior in organizations : (Record no. 15603)

MARC details
000 -LEADER
fixed length control field 00945pam a2200289 a 4500
001 - CONTROL NUMBER
control field 15603
003 - CONTROL NUMBER IDENTIFIER
rucl marc code BD-RjUL
005 - DATE AND TIME OF LATEST TRANSACTION
control field 20211208235843.0
008 - FIXED-LENGTH DATA ELEMENTS--GENERAL INFORMATION
fixed length control field 140210s1997 njua b 001 0 eng
020 ## - INTERNATIONAL STANDARD BOOK NUMBER
International Standard Book Number 0135217253
035 ## - SYSTEM CONTROL NUMBER
System control number (BD-RjUL)15658
040 ## - CATALOGING SOURCE
Original cataloging agency DLC
Transcribing agency DLC
Modifying agency DLC
-- BD-RjUL
Language of cataloging eng
041 ## - LANGUAGE CODE
Language code of text/sound track or separate title eng
082 00 - DEWEY DECIMAL CLASSIFICATION NUMBER
Classification number 658.3
Edition number 20
Author mark and year GRB 1997
100 1# - MAIN ENTRY--PERSONAL NAME
Personal name Greenberg, Jerald.
9 (RLIN) 48436
245 10 - TITLE STATEMENT
Title Behavior in organizations :
Remainder of title understanding and managing the human side of work /
Statement of responsibility, etc. Jerald Greenberg, Robert A. Baron.
250 ## - EDITION STATEMENT
Edition statement 6th ed.
260 ## - PUBLICATION, DISTRIBUTION, ETC. (IMPRINT)
Place of publication, distribution, etc. Upper Saddle River, N.J. :
Name of publisher, distributor, etc. Prentice Hall,
Date of publication, distribution, etc. c1997.
300 ## - PHYSICAL DESCRIPTION
Pagination xx, 636 p. :
Illustrations col. ill. ;
Size 29 cm.
504 ## - BIBLIOGRAPHY, ETC. NOTE
Bibliography, etc Includes bibliographical references (p. 591-616) and indexes.
650 #0 - SUBJECT ADDED ENTRY--TOPICAL TERM
Topical term or geographic name as entry element Organizational behavior.
9 (RLIN) 42223
Topical term or geographic name as entry element Personnel management.
9 (RLIN) 48437
700 1# - ADDED ENTRY--PERSONAL NAME
Personal name Baron, Robert A.
942 ## - ADDED ENTRY ELEMENTS (KOHA)
Source of classification or shelving scheme Dewey Decimal Classification
Koha item type Books
Holdings
Lost status Source of classification or shelving scheme Damaged status Not for loan Collection code Permanent Location Current Location Shelving location Date acquired Source of acquisition Cost, normal purchase price Total Checkouts Full call number Date last seen Copy number Koha item type
  Dewey Decimal Classification   Not For Loan Non-fiction Central Library, University of Rajshahi Central Library, University of Rajshahi Reading Room 28/04/1998 Ahshan Mission Book Dis Dhaka 3047.57   658.3 GRB 1997 10/02/2014 C-1 Books